Štatistika pre bakalárov v praxi

Saved in:
Bibliographic Details
Main Author: Kotlebová, Eva
Corporate Author: Ekonomická univerzita v Bratislave. Fakulta hospodárskej informatiky
Other Authors: Bolgáč, Ján, 1959-, Coss, Soňa, Hurbánková, Ľubica, 1980-, Sivašová, Daniela, 1955-, Sodomová, Eva, Šoltés, Erik, 1974-, Cár, Mikuláš
Format: Book
Language:Slovak
Published: Bratislava Vydavateľstvo EKONÓM 2017
Edition:1. vyd.
Subjects:
Tags: Add Tag
No Tags, Be the first to tag this record!

MARC

LEADER 00000nam a2200000 4500
001 0228628
005 20240502073747.5
020 |a 978-80-225-4366-8 
041 0 |a slo 
044 |a SK 
245 1 0 |a Štatistika pre bakalárov v praxi  |c Eva Kotlebová a kolektív ; recenzenti: Erik Šoltés, Mikuláš Cár 
250 |a 1. vyd. 
264 1 |a Bratislava  |b Vydavateľstvo EKONÓM  |c 2017 
300 |a 316 s. [19,15 AH] 
610 2 0 |a štatistika 
610 2 0 |a údaje štatistické 
610 2 0 |a indukcia štatistická 
610 2 0 |a hypotézy štatistické 
610 2 0 |a analýza regresná 
610 2 0 |a analýza korelačná 
610 2 0 |a rady časové 
610 2 0 |a indexy individuálne jednoduché 
610 2 0 |a indexy individuálne zložené 
610 2 0 |a indexy súhrnné 
100 1 |a Kotlebová, Eva 
700 1 |a Bolgáč, Ján, 1959- 
700 1 |a Coss, Soňa 
700 1 |a Hurbánková, Ľubica, 1980- 
700 1 |a Sivašová, Daniela, 1955- 
700 1 |a Sodomová, Eva 
700 1 |a Šoltés, Erik, 1974- 
700 1 |a Cár, Mikuláš 
710 2 |a Ekonomická univerzita v Bratislave. Fakulta hospodárskej informatiky